| 000 | 01218cam a2200217 4500500 | ||
|---|---|---|---|
| 005 | 20260208001807.0 | ||
| 041 | _afre | ||
| 042 | _adc | ||
| 100 | 1 | 0 |
_aLoubet, Jacques _eauthor |
| 245 | 0 | 0 | _aLes illettrés savants |
| 260 | _c2009. | ||
| 500 | _a7 | ||
| 520 | _aRésuméQu’est-ce que l’écriture ? Existe-t-il un savoir chez les gens censés ne rien savoir ? Si la parole trace dans le sable, l’écriture grave sur la pierre. Ce texte se réfère à des histoires de vie mais également au passage de l’écriture savante qui laisse la place à l’écriture ordinaire. Marguerite Duras et Arthur Rimbaud ont eu des histoires de vie terribles ; ils ont été avant tout embarqués sur le bateau de l’écriture, non pour une opération esthétique mais pour une démarche éthique qui a pour nom la vérité. Puissions-nous entendre cette musicalité des mots qui nous donne à rêver et à voyager. | ||
| 690 | _aateliers d'écriture | ||
| 690 | _aDuras | ||
| 690 | _aécriture | ||
| 690 | _aéthique | ||
| 690 | _aRimbaud | ||
| 786 | 0 | _nEmpan | 74 | 2 | 2009-08-11 | p. 162-166 | 1152-3336 | |
| 856 | 4 | 1 | _uhttps://shs.cairn.info/revue-empan-2009-2-page-162?lang=fr&redirect-ssocas=7080 |
| 999 |
_c1645252 _d1645252 |
||